[Event "Torneo Nuevo Centro. Jornada 7"]
[Site "Chess.com"]
[Date "2020.07.31"]
[Round "9"]
[White "Luque Saiz, Andrés"]
[Black "Martínez Escandell, Alfonso"]
[Result "0-1"]
[WhiteElo "2002"]
[BlackElo "1805"]
[PlyCount "46"]
[EventDate "2020.??.??"]

1. e4 c5 2. Nf3 e6 3. Nc3 Nc6 4. d4 cxd4 5. Nxd4 Bc5 6. Nxc6 bxc6 7. g3 d5 8.
Bg2 Ba6 9. a3 Qb6 10. Qf3 Nf6 11. exd5 cxd5 12. b4 Bd4 13. Bb2 Ne4 14. Na4
Bxf2+ 15. Kd1 Qc6 16. Bxg7 Rg8 17. Nc3 Rc8 18. Be5 Nxc3+ 19. Bxc3 Qxc3 20. Qxf2
Qxa1+ 21. Kd2 Qc3+ 22. Kd1 Rg4 23. Re1 Rd4+ 0-1

[Event "Torneo Nuevo Centro. Jornada 7"]
[Site "Chess.com"]
[Date "2020.07.31"]
[Round "9"]
[White "Amorós Pérez, Manuel David"]
[Black "Alvarez Usina, Jordi"]
[Result "1-0"]
[WhiteElo "1640"]
[BlackElo "1314"]
[PlyCount "97"]
[EventDate "2020.??.??"]

1. e4 e5 2. Nf3 Nf6 3. Bc4 Bc5 4. d3 h6 5. h3 d6 6. Nc3 Be6 7. Bb5+ c6 8. Ba4
O-O 9. Be3 Bb6 10. O-O d5 11. exd5 cxd5 12. Bxb6 Qxb6 13. Bb3 d4 14. Ne4 Nxe4
15. dxe4 Qc6 16. Re1 f6 17. Bxe6+ Qxe6 18. c3 dxc3 19. bxc3 Nc6 20. Rb1 Rad8
21. Qb3 Qxb3 22. axb3 Rd7 23. Rbd1 Rfd8 24. Rxd7 Rxd7 25. Kf1 Kf7 26. Ke2 Ke6
27. Ra1 Kd6 28. Nh4 Kc5 29. g4 b5 30. Nf5 b4 31. c4 Nd4+ 32. Nxd4 exd4 33. Kd3
Kb6 34. Ra4 Kc5 35. Ra5+ Kb6 36. Rb5+ Kc6 37. Rxb4 Kc5 38. Rb5+ Kc6 39. Rd5
Rxd5 40. exd5+ Kc5 41. f4 g6 42. d6 Kxd6 43. Kxd4 a6 44. b4 Kc6 45. h4 Kd6 46.
h5 g5 47. fxg5 fxg5 48. Ke4 Ke6 49. c5 1-0

[Event "Torneo Nuevo Centro. Jornada 7"]
[Site "Chess.com"]
[Date "2020.07.31"]
[Round "9"]
[White "Gimeno Higueras, Roberto"]
[Black "Sendra Tormo, Juan"]
[Result "1-0"]
[WhiteElo "2110"]
[BlackElo "2277"]
[PlyCount "57"]
[EventDate "2020.??.??"]

1. e4 c5 2. c3 g6 3. Nf3 Bg7 4. g3 d5 5. exd5 Qxd5 6. Bg2 Nc6 7. O-O h5 8. h4
Nh6 9. Re1 Bg4 10. Ng5 Qd7 11. Qa4 O-O 12. Na3 a6 13. Ne4 b5 14. Nxb5 axb5 15.
Qxb5 Rac8 16. Nxc5 Qd6 17. d4 Bxd4 18. Ne4 Bxf2+ 19. Nxf2 Nf5 20. Bf4 e5 21.
Ne4 Qe7 22. Bg5 f6 23. Bh6 Rfe8 24. Be3 Qe6 25. Bf2 Rb8 26. Qa4 Rxb2 27. Nc5
Qc4 28. Qxc6 Re7 29. Bd5+ 1-0

[Event "Torneo Nuevo Centro. Jornada 7"]
[Site "Chess.com"]
[Date "2020.07.31"]
[Round "9"]
[White "Aguado, Pablo Luis"]
[Black "Pardo Ruiz, Carlos"]
[Result "1-0"]
[WhiteElo "1919"]
[BlackElo "1749"]
[PlyCount "75"]
[EventDate "2020.??.??"]

1. d4 c5 2. d5 Nf6 3. c4 b5 4. cxb5 a6 5. e3 d6 6. Nc3 g6 7. a4 axb5 8. Bxb5+
Bd7 9. Bd2 Bxb5 10. axb5 Nbd7 11. Nf3 Bg7 12. O-O O-O 13. Qc2 Nb6 14. e4 Qd7
15. Ra6 Rxa6 16. bxa6 Ra8 17. Ra1 Nc4 18. Qb3 Nxd2 19. Nxd2 Ng4 20. Ra3 Bd4 21.
Nd1 Ne5 22. Qb7 Qd8 23. a7 Nd7 24. Nc4 Kg7 25. Na5 Kf6 26. Nc6 Qe8 27. Rb3 c4
28. Rb5 Ne5 29. Nxd4 Nd3 30. Qb8 Nc5 31. Qxe8 Rxe8 32. Rb8 Rxb8 33. axb8=Q Nxe4
34. Ne3 c3 35. bxc3 Nxc3 36. Qb2 Ne4 37. Ne6+ Nc3 38. Qxc3# 1-0

[Event "Torneo Nuevo Centro. Jornada 7"]
[Site "Chess.com"]
[Date "2020.07.31"]
[Round "9"]
[White "Vaquer Querol, Daniel"]
[Black "Marques Montolio, Luis"]
[Result "0-1"]
[WhiteElo "1551"]
[BlackElo "1431"]
[PlyCount "78"]
[EventDate "2020.??.??"]

1. e4 d5 2. exd5 Qxd5 3. Nc3 Qa5 4. d4 c6 5. Nf3 Bf5 6. Bd3 Bg4 7. Be2 e6 8. h3
Bh5 9. Bd2 Qc7 10. g4 Bg6 11. Ne5 Nd7 12. f4 Nxe5 13. fxe5 Ne7 14. h4 h6 15. h5
Bh7 16. g5 hxg5 17. Bxg5 Nd5 18. Ne4 Bxe4 19. Rf1 Bb4+ 20. c3 Nxc3 21. Qb3 Qa5
22. Kf2 Nd5 23. a3 Be7 24. Bd2 Qc7 25. h6 gxh6 26. Rg1 Bg6 27. Ba5 b6 28. Bd2
O-O-O 29. Rac1 Bg5 30. Ba6+ Kb8 31. Bxg5 hxg5 32. a4 Rh2+ 33. Ke1 Nf4 34. a5
Re2+ 35. Bxe2 Rxd4 36. axb6 axb6 37. Ra1 Nxe2 38. Kxe2 Qxe5+ 39. Qe3 Re4 0-1

[Event "Torneo Nuevo Centro. Jornada 7"]
[Site "Chess.com"]
[Date "2020.07.31"]
[Round "9"]
[White "Lloret Ramis, Juan José"]
[Black "Orts Tomás, Marc"]
[Result "0-1"]
[WhiteElo "1989"]
[BlackElo "1793"]
[PlyCount "74"]
[EventDate "2020.??.??"]

1. c4 Nf6 2. Nc3 c5 3. Nf3 Nc6 4. g3 g6 5. Bg2 Bg7 6. O-O O-O 7. d4 d6 8. dxc5
dxc5 9. Bf4 Be6 10. Qa4 Qb6 11. Nb5 Rac8 12. Rfd1 Nh5 13. Be3 Nb4 14. a3 Nc6
15. Ng5 a6 16. Nxe6 axb5 17. cxb5 fxe6 18. bxc6 bxc6 19. Qc2 Qxb2 20. Qxb2 Bxb2
21. Ra2 Bd4 22. Bxd4 cxd4 23. Rxd4 c5 24. Rc4 Nf6 25. Rac2 Nd7 26. Bh3 Rf6 27.
Re4 Kf7 28. Rec4 h5 29. f4 g5 30. e3 g4 31. Bg2 Rf5 32. e4 Rf6 33. e5 Rh6 34.
a4 Nb6 35. Rxc5 Rxc5 36. Rxc5 Nxa4 37. Be4 Nxc5 0-1

[Event "Torneo Nuevo Centro. Jornada 7"]
[Site "Chess.com"]
[Date "2020.07.31"]
[Round "9"]
[White "Fernández Martin, Carlos"]
[Black "Perez Garcia, Jose Miguel"]
[Result "0-1"]
[WhiteElo "1807"]
[BlackElo "2042"]
[PlyCount "146"]
[EventDate "2020.??.??"]

1. e4 c5 2. Nc3 e6 3. g3 a6 4. Bg2 b5 5. f4 Bb7 6. Nf3 b4 7. Ne2 Bxe4 8. d3 Bb7
9. O-O Nf6 10. Be3 Be7 11. d4 Qc7 12. dxc5 Bxc5 13. Bxc5 Qxc5+ 14. Kh1 Ng4 15.
Ned4 Ne3 16. Qd2 Nxf1 17. Rxf1 O-O 18. Nb3 Qb6 19. Rd1 a5 20. Nbd4 Nc6 21. Ne2
d5 22. Ne5 Nxe5 23. fxe5 d4 24. Nxd4 Bxg2+ 25. Qxg2 Rfd8 26. Qf3 Rab8 27. c3
Qb7 28. Qxb7 Rxb7 29. Rc1 Rc7 30. Nb5 Rc5 31. Nd6 Rxe5 32. Nb7 Rb8 33. cxb4
axb4 34. Rc7 Re1+ 35. Kg2 Re2+ 36. Kh3 Rxb2 37. Nd6 Rf8 38. Ra7 g6 39. Nc4 Rc2
40. Ne5 Rc3 41. Nd7 Ra3 42. Rb7 Rxa2 43. Nxf8 Kxf8 44. Rxb4 Kg7 45. Rb7 Rd2 46.
Rc7 Rd5 47. Kg4 h5+ 48. Kf4 g5+ 49. Ke4 Kg6 50. h3 Ra5 51. Rb7 Ra3 52. g4 Rxh3
53. gxh5+ Rxh5 54. Ke5 Rh1 55. Ke4 Kf6 56. Kf3 Rf1+ 57. Kg4 Rf4+ 58. Kg3 Rh4
59. Rb5 Ra4 60. Rc5 Kg6 61. Rb5 f5 62. Rb6 Ra3+ 63. Kf2 Kf6 64. Kg2 g4 65. Kf2
f4 66. Rb4 e5 67. Re4 Kf5 68. Rc4 Ra2+ 69. Kg1 g3 70. Rc3 e4 71. Rc5+ Kg4 72.
Rc4 Ra1+ 73. Kg2 f3# 0-1

[Event "Torneo Nuevo Centro. Jornada 7"]
[Site "Chess.com"]
[Date "2020.07.31"]
[Round "9"]
[White "Conejero Martínez, Víctor"]
[Black "Hernández Tomás, Efrén"]
[Result "1-0"]
[WhiteElo "1377"]
[BlackElo "1077"]
[PlyCount "71"]
[EventDate "2020.??.??"]

1. d4 d5 2. c4 Bf5 3. Nc3 Nf6 4. Nf3 c5 5. Bg5 Nc6 6. e3 e6 7. Bd3 Bxd3 8. Qxd3
h6 9. Bh4 Be7 10. O-O Nb4 11. Qe2 Nc6 12. Nb5 a6 13. Nc3 O-O 14. Bg3 Bd6 15.
Ne5 Ne4 16. Nxe4 dxe4 17. Rad1 cxd4 18. exd4 Bxe5 19. Bxe5 Nxe5 20. dxe5 Qa5
21. a3 Qxe5 22. Rfe1 f5 23. Rd2 Rfd8 24. Qe3 Rxd2 25. Qxd2 Rc8 26. Qb4 Rc7 27.
f3 Qd4+ 28. Kh1 exf3 29. gxf3 e5 30. b3 e4 31. fxe4 fxe4 32. Qa5 Rd7 33. Qf5
Re7 34. Qc8+ Kf7 35. Rf1+ Kg6 36. Qf5# 1-0

[Event "Torneo Nuevo Centro. Jornada 7"]
[Site "Chess.com"]
[Date "2020.07.31"]
[Round "9"]
[White "Roca Cruz, Rafael"]
[Black "Donate Peris, Jose Manuel"]
[Result "0-1"]
[WhiteElo "1789"]
[BlackElo "1544"]
[PlyCount "68"]
[EventDate "2020.??.??"]

1. d4 Nf6 2. c4 e6 3. Nc3 Bb4 4. e3 Bxc3+ 5. bxc3 d5 6. cxd5 exd5 7. Bd3 c6 8.
h3 O-O 9. Nf3 Nbd7 10. O-O Nb6 11. Ne5 Nfd7 12. Ba3 Nxe5 13. Bxf8 Nxd3 14. Ba3
Bf5 15. g4 Be4 16. f3 Qh4 17. Qe2 Bg6 18. Bd6 Nc4 19. Bh2 Qxh3 20. Rad1 Ndb2
21. Rb1 Bxb1 22. Rxb1 Na4 23. Rxb7 Re8 24. e4 Nxc3 25. Qd3 Nb5 26. e5 Qh6 27.
f4 Qh4 28. Bg3 Qxg4 29. Kh2 Qc8 30. a4 Qxb7 31. axb5 cxb5 32. f5 b4 33. Qe2 b3
34. e6 fxe6 0-1

[Event "Torneo Nuevo Centro. Jornada 7"]
[Site "Chess.com"]
[Date "2020.07.31"]
[Round "9"]
[White "Escalona Moncholi, Felix"]
[Black "Kovacevic, Slobodan"]
[Result "0-1"]
[WhiteElo "2047"]
[BlackElo "2206"]
[PlyCount "76"]
[EventDate "2020.??.??"]

1. e4 c5 2. Nf3 e6 3. d4 cxd4 4. Nxd4 a6 5. Bd3 Nf6 6. O-O d6 7. c4 Nbd7 8. Nc3
Qc7 9. Qe2 Be7 10. Be3 O-O 11. Rac1 b6 12. Kh1 Bb7 13. b3 Rfe8 14. f4 Bf8 15.
Bd2 Rad8 16. f5 Ne5 17. fxe6 fxe6 18. Bg5 Qf7 19. Bb1 Be7 20. Bf4 Rb8 21. Nf3
Ng6 22. Be3 h6 23. Bxb6 Bf8 24. Bd4 Qe7 25. e5 Bxf3 26. Rxf3 Nxe5 27. Bxe5 dxe5
28. Qxe5 Rbd8 29. Rcf1 Qd6 30. Qe3 Ng4 31. Qg1 Qe5 32. h3 Bc5 33. hxg4 Bxg1 34.
Kxg1 Qd4+ 35. Kh1 Qxg4 36. Ne4 Rd4 37. Nc5 Qh5+ 38. Rh3 Qxc5 0-1

[Event "Torneo Nuevo Centro. Jornada 7"]
[Site "Chess.com"]
[Date "2020.07.31"]
[Round "9"]
[White "Birnoveanu, Petru"]
[Black "Yuste Valenzuela, Alejandro"]
[Result "0-1"]
[WhiteElo "1671"]
[BlackElo "1909"]
[PlyCount "72"]
[EventDate "2020.??.??"]

1. e4 c5 2. c4 e5 3. Nc3 d6 4. d3 Nc6 5. f4 g6 6. Nf3 Bg7 7. Rb1 Nge7 8. g3 O-O
9. Bg2 exf4 10. Bxf4 a6 11. O-O Nd4 12. Kh1 Nec6 13. Nd5 Nxf3 14. Bxf3 Nd4 15.
Bg2 Be6 16. Qd2 Bxd5 17. exd5 b5 18. b3 b4 19. Rbe1 a5 20. h4 a4 21. h5 axb3
22. axb3 Nxb3 23. Qd1 Nd4 24. hxg6 hxg6 25. Qg4 b3 26. Bc1 Ra2 27. Be3 Nc2 28.
Bg5 Qc8 29. Qxc8 Rxc8 30. Rb1 b2 31. Be7 Be5 32. Bh3 Rca8 33. Kg1 Na3 34. Rxb2
Rxb2 35. Bf6 Bxf6 36. Rxf6 Nc2 0-1

[Event "Torneo Nuevo Centro. Jornada 7"]
[Site "Chess.com"]
[Date "2020.07.31"]
[Round "9"]
[White "Lopez Mateo, Juan Carlos"]
[Black "Vega Gutiérrez, Sabrina"]
[Result "0-1"]
[WhiteElo "2314"]
[BlackElo "2170"]
[PlyCount "64"]
[EventDate "2020.??.??"]

1. e4 c5 2. Nf3 Nc6 3. b4 cxb4 4. d4 d5 5. exd5 Qxd5 6. c4 bxc3 7. Nxc3 Qa5 8.
d5 e6 9. Bd2 Bb4 10. Rc1 exd5 11. Bd3 Nf6 12. Qe2+ Be6 13. O-O O-O 14. Rfd1 Bg4
15. Bb1 Nd4 16. Qd3 Nxf3+ 17. gxf3 Bh5 18. Bg5 Bg6 19. Qd4 Bc5 20. Qh4 Be7 21.
Bxg6 fxg6 22. Nxd5 Nxd5 23. Bxe7 Nxe7 24. Qxe7 Rae8 25. Qxb7 Qg5+ 26. Kh1 Qf4
27. Qd5+ Kh8 28. Kg2 h5 29. Rd4 Qxc1 30. Rc4 Qa3 31. Rc3 Qe7 32. Qg8+ Rxg8 0-1

[Event "Torneo Nuevo Centro. Jornada 7"]
[Site "Chess.com"]
[Date "2020.07.31"]
[Round "9"]
[White "Chofre Murcia, Adrián"]
[Black "Donate Moreno, Silvia"]
[Result "1-0"]
[WhiteElo "1681"]
[BlackElo "1929"]
[PlyCount "77"]
[EventDate "2020.??.??"]

1. e4 c5 2. Nc3 g6 3. Nf3 Bg7 4. Bc4 Nc6 5. O-O e6 6. Re1 Nge7 7. d3 d6 8. Bg5
O-O 9. Qd2 Nd4 10. Nxd4 cxd4 11. Ne2 Bd7 12. Bh6 b5 13. Bb3 Qb6 14. Bxg7 Kxg7
15. Qf4 e5 16. Qd2 a5 17. a3 Rac8 18. Ng3 Qc7 19. Qg5 h6 20. Qxe7 Rce8 21. Qh4
a4 22. Bd5 Qxc2 23. Rac1 Qxb2 24. Rc7 Be6 25. Bxe6 Rxe6 26. Qg4 Kh8 27. Qh4 h5
28. Qg5 Qxa3 29. Qh6+ Kg8 30. Rec1 Qxd3 31. Rc8 Ree8 32. Rxe8 Rxe8 33. Qg5 Kh7
34. Nxh5 gxh5 35. Qxh5+ Kg7 36. Qg5+ Kf8 37. Qh6+ Ke7 38. Rc7+ Kd8 39. Qxd6#
1-0

[Event "Torneo Nuevo Centro. Jornada 7"]
[Site "Chess.com"]
[Date "2020.07.31"]
[Round "9"]
[White "Beneyto de Ramon, Guillermo"]
[Black "Pedros Viudes, Santiago"]
[Result "0-1"]
[WhiteElo "1619"]
[BlackElo "1911"]
[PlyCount "114"]
[EventDate "2020.??.??"]

1. c4 Nf6 2. Nc3 e6 3. g3 d5 4. cxd5 exd5 5. d4 g6 6. Bf4 c6 7. Bg2 Bg7 8. Nf3
O-O 9. O-O Nbd7 10. Qd2 Re8 11. Rfe1 Ne4 12. Nxe4 dxe4 13. Ng5 f5 14. Nh3 Nb6
15. Rac1 Be6 16. e3 Bxa2 17. Bg5 Qd7 18. b4 Bd5 19. Nf4 h6 20. Nxd5 Nxd5 21.
Bf4 g5 22. Be5 Bxe5 23. dxe5 Rxe5 24. Rc5 Rd8 25. Rd1 Re6 26. Rc4 Rd6 27. Rd4
Qe6 28. f3 exf3 29. Bxf3 R6d7 30. Kf2 Nb6 31. Rxd7 Rxd7 32. Qc2 Nd5 33. Bxd5
Rxd5 34. Rxd5 Qxd5 35. Qe2 a5 36. bxa5 Qxa5 37. g4 Qd5 38. gxf5 Qxf5+ 39. Kg3
Qe5+ 40. Kf2 Qxh2+ 41. Ke1 Qxe2+ 42. Kxe2 h5 43. Kf3 b5 44. e4 b4 45. Kg2 b3
46. e5 b2 47. e6 b1=Q 48. e7 Kf7 49. e8=Q+ Kxe8 50. Kg3 Qf5 51. Kh2 Qf3 52. Kg1
Qe2 53. Kh1 c5 54. Kg1 c4 55. Kh1 c3 56. Kg1 c2 57. Kh1 c1=R# 0-1

[Event "Torneo Nuevo Centro. Jornada 7"]
[Site "Chess.com"]
[Date "2020.07.31"]
[Round "9"]
[White "Miranda Calvo, Max Rodrigo"]
[Black "Rodriguez Rodriguez, Joan David"]
[Result "1-0"]
[WhiteElo "1349"]
[BlackElo "1643"]
[PlyCount "79"]
[EventDate "2020.??.??"]

1. e4 e5 2. Nf3 Nc6 3. Bc4 Nf6 4. Ng5 d5 5. exd5 Na5 6. Bb5+ c6 7. dxc6 bxc6 8.
Ba4 Bd7 9. O-O Bd6 10. d3 h6 11. Ne4 Be7 12. Bd2 Nb7 13. Nbc3 O-O 14. Bb3 Nd6
15. Nc5 Bg4 16. f3 Bf5 17. N3e4 Qb6 18. Be3 Nd5 19. Bf2 Nf4 20. Nd7 Qc7 21.
Nxf8 Bxf8 22. Nxd6 Qxd6 23. Qd2 h5 24. Rfe1 Be7 25. Bg3 Bg5 26. Bxf4 Bxf4 27.
Qe2 h4 28. Qf2 g5 29. g3 hxg3 30. hxg3 e4 31. gxf4 exf3 32. Qxf3 Kg7 33. fxg5
Bg6 34. Qf6+ Qxf6 35. gxf6+ Kxf6 36. Rf1+ Kg7 37. Rae1 Rh8 38. Re3 a5 39. Rg3
Kf8 40. Rxg6 1-0

[Event "Torneo Nuevo Centro. Jornada 7"]
[Site "Chess.com"]
[Date "2020.07.31"]
[Round "9"]
[White "Macias Pino, Diego"]
[Black "Chernikov, Vladimir"]
[Result "1-0"]
[WhiteElo "2221"]
[BlackElo "2193"]
[PlyCount "113"]
[EventDate "2020.??.??"]

1. d4 Nf6 2. Nf3 c5 3. c3 e6 4. Bf4 b6 5. e3 Bb7 6. Nbd2 d5 7. Bd3 Bd6 8. Bg3
Qc7 9. O-O Nbd7 10. Rc1 O-O 11. Bb1 e5 12. dxe5 Nxe5 13. Nxe5 Bxe5 14. Nf3 Bxg3
15. hxg3 Rad8 16. Qe2 Rfe8 17. Rfd1 Qc8 18. Qc2 g6 19. c4 dxc4 20. Qxc4 Qc6 21.
Qh4 Kg7 22. Kh2 Rxd1 23. Rxd1 Re5 24. g4 h6 25. Qg3 Rd5 26. Re1 Qd7 27. Ne5
Rxe5 28. Qxe5 Qxg4 29. e4 Qh4+ 30. Kg1 h5 31. Qg3 Qxg3 32. fxg3 Ng4 33. e5 Kf8
34. e6 Ke7 35. exf7+ Kxf7 36. Rd1 Bc6 37. Bxg6+ Kxg6 38. Rd6+ Kf5 39. Rxc6 Ke4
40. Rc7 a6 41. Rc6 Kd3 42. Rxb6 c4 43. Rxa6 Kc2 44. Rb6 Ne5 45. a4 Nd3 46. a5
Nxb2 47. a6 c3 48. a7 Nc4 49. Rb4 Kd3 50. a8=Q c2 51. Rxc4 Kxc4 52. Qc8+ Kb3
53. Kh2 Kb2 54. Kh3 c1=Q 55. Qxc1+ Kxc1 56. Kh4 Kd2 57. Kxh5 1-0

[Event "Torneo Nuevo Centro. Jornada 7"]
[Site "Chess.com"]
[Date "2020.07.31"]
[Round "9"]
[White "Montesinos Diaz, Luis"]
[Black "Portillo Torrente, Manuel"]
[Result "1-0"]
[WhiteElo "1821"]
[BlackElo "1529"]
[PlyCount "109"]
[EventDate "2020.??.??"]

1. d4 Nf6 2. Nf3 d6 3. Bg5 g6 4. Nbd2 Bg7 5. c3 O-O 6. e4 Nc6 7. Bc4 Bg4 8. h3
Bd7 9. O-O Qc8 10. Nh2 e5 11. d5 Na5 12. Bd3 b6 13. f4 exf4 14. Rxf4 Nh5 15.
Rh4 h6 16. Bf4 Nxf4 17. Rxf4 g5 18. Rf2 Nb7 19. b4 a5 20. Rc1 axb4 21. cxb4 Bd4
22. Qc2 Bxh3 23. gxh3 Qxh3 24. Ndf1 Ra3 25. Rd1 Rc3 26. Qe2 Nd8 27. Qg4 Rxd3
28. Qxh3 Rxh3 29. Rxd4 Ra3 30. Rc4 Ra7 31. Ng4 f6 32. Nxh6+ Kg7 33. Nf5+ Kg6
34. N1g3 Re8 35. Rh2 Nf7 36. Rhc2 Ra3 37. R4c3 Ra4 38. Rxc7 Rxb4 39. Rxf7 Kxf7
40. Nxd6+ Ke7 41. Nxe8 Kxe8 42. Kf2 Rd4 43. Ke3 Ra4 44. Nf5 Kd7 45. Nd4 Ra3+
46. Nb3 Ra8 47. Kf3 Rh8 48. Nd4 Kd6 49. Rc6+ Ke5 50. Ne2 Rh3+ 51. Ng3 g4+ 52.
Kxg4 Rxg3+ 53. Kxg3 Kxe4 54. Rxf6 Kxd5 55. Rxb6 1-0

[Event "Torneo Nuevo Centro. Jornada 7"]
[Site "Chess.com"]
[Date "2020.07.31"]
[Round "9"]
[White "Ursariu, Nikolas Victor"]
[Black "Serrano Requena, Guillem"]
[Result "1-0"]
[WhiteElo "1072"]
[BlackElo "1325"]
[PlyCount "117"]
[EventDate "2020.??.??"]

1. e4 c5 2. Nf3 g6 3. Nc3 Bg7 4. Bc4 e6 5. Kf1 Ne7 6. d3 d5 7. exd5 exd5 8. Bb3
O-O 9. Bf4 a6 10. Bg5 b5 11. a3 Nbc6 12. Qe2 Bb7 13. Bxe7 Nxe7 14. Re1 Re8 15.
Qd2 Nf5 16. Rxe8+ Qxe8 17. Nxd5 c4 18. Nc7 Qd7 19. Nxa8 cxb3 20. cxb3 Bxa8 21.
Qc2 Bxf3 22. gxf3 Nd4 23. Qd1 Qh3+ 24. Ke1 Nxf3+ 25. Ke2 Qg4 26. Kf1 Bd4 27.
Qc1 Qf5 28. Qd1 Nxh2+ 29. Rxh2 Qf4 30. Rg2 Qf5 31. Qe2 Qf4 32. Qe8+ Kg7 33. Qe2
Qc1+ 34. Qe1 Qxb2 35. Kg1 Qxb3 36. Qc1 Qxd3 37. Qa1 Qe2 38. Qf1 Qb2 39. Qd3
Qxa3 40. Qxd4+ Kg8 41. Qd8+ Kg7 42. Qd4+ Kg8 43. Qf6 Qc1+ 44. Kh2 Qh6+ 45. Kg1
Qc1+ 46. Kh2 Qh6+ 47. Kg3 Qd2 48. Rh2 Qc3+ 49. Qxc3 b4 50. Qc8+ Kg7 51. Qxa6 b3
52. Qb5 b2 53. Qxb2+ Kg8 54. Qe5 Kf8 55. Rxh7 f5 56. Rh8+ Kf7 57. Qc7+ Ke6 58.
Re8+ Kf6 59. Qe7# 1-0

[Event "Torneo Nuevo Centro. Jornada 7"]
[Site "Chess.com"]
[Date "2020.07.31"]
[Round "9"]
[White "Gómez Alonso, Óscar"]
[Black "Bascuñana Sánchez, Pablo"]
[Result "1-0"]
[WhiteElo "1858"]
[BlackElo "1665"]
[PlyCount "141"]
[EventDate "2020.??.??"]

1. d4 Nf6 2. c4 g6 3. Nc3 Bg7 4. Nf3 O-O 5. g3 d6 6. Bg2 Nc6 7. O-O Re8 8. h3
e5 9. dxe5 dxe5 10. Qxd8 Rxd8 11. Bg5 Re8 12. Bxf6 Bxf6 13. Nd5 Bd8 14. e4 Be6
15. a3 Bxd5 16. cxd5 Nb8 17. Rac1 Nd7 18. b4 b6 19. Rc2 Nf6 20. Nd2 a5 21. b5
Nd7 22. a4 Nc5 23. Ra1 Bg5 24. Nf1 Bd8 25. Rc3 f5 26. f3 Bf6 27. Nd2 fxe4 28.
fxe4 Bg5 29. Nb3 Be7 30. Nd2 Rf8 31. Nc4 Bd6 32. Ne3 Rf7 33. Ng4 Kg7 34. h4
Raf8 35. Ra2 h5 36. Ne3 Kh6 37. Nc4 g5 38. hxg5+ Kxg5 39. Ne3 h4 40. gxh4+ Kxh4
41. Nf5+ Kg5 42. Rg3+ Kf6 43. Rf2 Nd3 44. Rxd3 Bc5 45. Rdf3 Bxf2+ 46. Rxf2 Kg5
47. Kf1 Rf6 48. Ke2 R8f7 49. Bf3 Kg6 50. Rg2+ Kh7 51. Bh5 Rf8 52. Bf3 Rg8 53.
Rh2+ Kg6 54. Ne7+ Kf7 55. Nxg8 Kxg8 56. Rg2+ Kf7 57. Rh2 Rg6 58. Rh7+ Rg7 59.
Rxg7+ Kxg7 60. Kf2 Kg6 61. Kg3 Kf6 62. Kh4 Ke7 63. Kg5 Kd6 64. Kf6 Kc5 65. Kxe5
Kb4 66. Bd1 Kc5 67. Ke6 Kd4 68. e5 Ke4 69. d6 cxd6 70. exd6 Kf4 71. d7 1-0